| 000 | 00000nam 2200000za 4500 |
| 001 | 9.852207 |
| 003 | CaOODSP |
| 005 | 20221107154531 |
| 007 | cr ||||||||||| |
| 008 | 180222s1994 onca||||o f000 0 fre d |
| 040 | |aCaOODSP|bfre |
| 041 | |afre|beng |
| 043 | |an-cn--- |
| 086 | 1 |aEn36-502/199F-PDF |
| 100 | 1 |aGaudet, C. |
| 245 | 10|aCadre de travail pour l'évaluation du risque écologique que présentent les lieux contaminés situés au Canada |h[ressource électronique] : |bétudes et recommandations / |cC. Gaudet. |
| 260 | |aOttawa : |bEnvironnement Canada, |c1994. |
| 300 | |axii, 120 p. : |bill. |
| 490 | 1 |aSérie scientifique ;|vétude n° 199 |
| 500 | |aÉdition numérisée de l’imprimé [par Environnement et Changement climatique Canada]. |
| 500 | |aPublié par la Direction générale de la conservation des écosystèmes, Direction de l'évaluation et de l'interprétation. |
| 500 | |a« Programme national d'assainissement des lieux contaminés »--Couv. |
| 500 | |aPublié aussi en anglais sous le titre : A framework for ecological risk assessment at contaminated sites in Canada: review and recommendations. |
| 504 | |aComprend des références bibliographiques. |
| 520 | 3 |a« Un cadre de travail pour l'évaluation du risque écologique (ERE) est proposé à titre de guide et pour favoriser une certaine cohérence dans l'evaluation et l’assainissement des lieux contaminés au Canada conformement au Plan national d’assainissement des lieux contaminés (PNALC). Ce document a deux fonctions distinctes : 1) il propose un cadre de travail pour l’ÉRÉ dans le cadre du PNALC; 2) il examine de manière critique la documentation relative a l’ÉRÉ »--Résumé. |
| 530 | |aÉgalement publié en version imprimée. |
| 546 | |aComprend un résumé en anglais. |
| 692 | 07|2gccst|aSite contaminé |
| 692 | 07|2gccst|aÉvaluation environnementale |
| 692 | 07|2gccst|aGestion des risques |
| 710 | 1 |aCanada. |bEnvironnement Canada. |
| 710 | 1 |aCanada.|bDirection générale de la conservation des écosystèmes. |
| 710 | 1 |aCanada.|bDirection de l'évaluation et de l'interprétation. |
| 775 | 08|tA framework for ecological risk assessment at contaminated sites in Canada |w(CaOODSP)9.852205 |
| 776 | 0#|tCadre de travail pour l'évaluation du risque écologique que présentent les lieux contaminés situés au Canada : |w(CaOODSP)9.622647 |
| 830 | #0|aSérie scientifique (Canada. Direction générale des eaux intérieures)|vn ° 199|w(CaOODSP)9.848346 |
| 856 | 40|qPDF|s8.71 Mo|uhttps://publications.gc.ca/collections/collection_2018/eccc/En36-502-199-fra.pdf |